000 00313nam a2200109 a 4500
005 20140408090008.0
008 021113s19uu xx 00 eng d
050 _aPGS '98
_bBOS #6
100 _aBossert, Chantal P.
245 _aEffects of watching TV to the study habits of grade 6 students of SIS.
942 _cPASS
999 _c96128
_d96128